Southern Indians in the American Revolution (Record no. 25719)

MARC details
000 -LEADER
fixed length control field 00519nam a2200121Ia 4500
008 - FIXED-LENGTH DATA ELEMENTS--GENERAL INFORMATION
fixed length control field 220620s9999||||xx |||||||||||||| ||und||
100 ## - MAIN ENTRY--PERSONAL NAME
Personal name James H. O'Donnell, III
245 #0 - TITLE STATEMENT
Title Southern Indians in the American Revolution
546 ## - LANGUAGE NOTE
Language note English[eng]
650 ## - SUBJECT ADDED ENTRY--TOPICAL TERM
Topical term or geographic name entry element 1775-1783--Campaigns and battles||Five Civilized Tribes--History||Indians of North America--Wars--1775-1783||United States--History--Revolution
856 ## - ELECTRONIC LOCATION AND ACCESS
Uniform Resource Identifier <a href="http://trace.tennessee.edu/cgi/viewcontent.cgi?article=1011&context=utk_early-american">http://trace.tennessee.edu/cgi/viewcontent.cgi?article=1011&context=utk_early-american</a>
942 ## - ADDED ENTRY ELEMENTS (KOHA)
Koha item type E-Books
Holdings
Withdrawn status Lost status Damaged status Not for loan Home library Current library Date acquired Total Checkouts Date last seen Price effective from Koha item type
        Kerala University of Digital Sciences, Innovation and Technology Knowledge Centre Kerala University of Digital Sciences, Innovation and Technology Knowledge Centre 20/06/2022   20/06/2022 20/06/2022 E-Books